000
00319nam a22001337a 4500
020
_a
978-93-83080-43-4
082
_a
894.812.3
_b
GEO/S
100
_a
BEENA GEORGE
245
_a
SINDBADINTE KAPPAL YATHRAKAL
260
_a
THRISSUR
_b
H&C PUBLISHING
300
_a
48
650
_a
MALAYALAM SHORT STORY
_z
KERALA
942
_c
BK
999
_c
1142
_d
1142